Guess the METALLICA Song - Statistics

General Stats
  • This quiz has been taken 2,458 times
  • The average score is 15 of 20
Answer Stats
Hint Answer % Correct
"Say your prayers, little one, don't forget, my son / To include everyone /I tuck you in, warm within, keep you free from sin" Enter Sandman
98%
"Hold my breath as I wish for death / Oh please God, wake me" One
97%
"Twisting your mind and smashing your dreams / Blinded by me, you can't see a thing" Master of Puppets
91%
"So close, no matter how far / Couldn't be much more from the heart / Forever trusting who we are" Nothing Else Matters
88%
"What I've felt, what I've known / Never shined through in what I've shown / Never be, never see / Won't see what might have been" The Unforgiven
85%
"What I've felt, what I've known / Turn the pages, turn the stone / Behind the door, should I open it for you?" The Unforgiven II
85%
"You (You), you're my mask, you're my cover, my shelter / You (You), you're my mask, you're the one who's blamed" Sad But True
82%
"Death in the air, strapped in the electric chair / This can't be happening to me" Ride the Lightning
81%
"Turn on, I see red / Adrenaline crash and crack my head / Nitro junkie, paint me dead" Fuel
79%
"We're scanning the scene in the city tonight / We're looking for you, to start up a fight" Seek and Destroy
78%
"No one but me can save myself, but it's too late / Now I can't think, think why I should even try" Fade to Black
75%
"But I'll take my time anywhere / I'm free to speak my mind anywhere" Wherever I May Roam
73%
"Welcome to where time stands still / No one leaves and no one will" Welcome Home (Sanitarium)
72%
"Crack of dawn, all is gone except the will to be / Now they see what will be, blinded eyes to see" For Whom The Bell Tolls
71%
"Lashing out the action, returning the reaction / Weak are ripped and torn away" Battery
70%
"Musha ring dum a doo dum a da / Whack for my daddy-o / Whack for my daddy-o" Whiskey in the Jar
67%
"Death of Mother Earth / Never her rebirth / Evolution's end / Never will it mend / Never" Blackened
63%
"When you stand up and feel the warmth, huh / But the son shine never comes" The Day That Never Comes
49%
"But here I am, on the road again / There I am, up on the stage / There I go, playing the star again" Turn the Page
46%
"Sleeping very soundly on a Saturday morning / I was dreaming I was Al Capone / Rumors going round, got to clear out of town / Smell like a dry fishbone" Stone Cold Crazy
29%
No matching quizzes found
Score Distribution
Percent of People with Each Score
Percentile by Number Answered
Your Score History
You have not taken this quiz